000 00480nam a2200181Ia 4500
001 13593
005 20260306164812.0
008 260306t2010||||xx |||||||||||||| ||spa||
041 _aESP
082 _a005.1
_bB95 V. 1
100 _aBusby, Jason
_eAUT
245 0 _aMastering unreal technology:
_bintroduction to level design with unreal engine 3
260 _c2010
300 _axiii, 890 páginas :
_c23 cm.
650 _aGEN
654 _aCCC
942 _cLIB
_dJUS
_fJUS
_2ddc
_n
999 _c13593
_d13593